000 01023nam a2200265 a 4500
001 47992
003 BD-RjUL
005 20211209054434.0
008 160420s1981 bg ||||| |||| 00| 0 ben d
020 _c: Tk 8.00
035 _a(BD-RjUL)48111
040 _aBD-RjUL
_bben
_cBD-RjUL
041 _aben
082 _223
_a839.726
_bSTM 1981
100 1 _aস্ট্রিণ্ডবার্গ, অগাস্ট
_9123071
245 1 0 _aমিস জুলি /
_cমেহের কবির (অনূদিত)
260 _aঢাকা :
_bমুক্তধারা,
_c১৯৮১
300 _a৬৭ পৃ. ;
_c২১ সেমি.
600 _aঅগাস্ট, স্ট্রিণ্ডবার্গ
_9145577
600 _aAugust Strindberg
_9145578
650 _zনরওয়েজিয়ান
_9123072
_vনাটক
_y১৮৪৯-১৯১২
650 _zNorwegian
_9123073
_vPlays
_y1849-1912
700 _aকবির, মেহের, (অনূদিত)
_9123074
942 _2ddc
_cBK
999 _c47992
_d47992